[Event "Albrecht-Beer-Turnier Gera"]
[Site "Gera"]
[Date "2024.10.05"]
[Round "6.53"]
[White "Richter, Felix"]
[Black "Zakirov, Nikita"]
[Result "1/2-1/2"]
[WhiteElo "1646"]
[BlackElo "1750"]
[PlyCount "102"]
[EventDate "2024.10.03"]
[WhiteTeam "SK Zehlendorf"]
[BlackTeam "SVG CAISSA Kassel"]

1. e4 c6 2. d4 d5 3. Nc3 dxe4 4. Nxe4 Nf6 5. Nxf6+ exf6 6. Nf3 Bd6 7. Bd3 O-O
8. O-O Re8 9. c3 Nd7 10. Qc2 Nf8 11. Be3 Bg4 12. Nd2 Qc7 13. h3 Bh5 14. Ne4 Be7
15. Ng3 Bg6 16. Rae1 Bxd3 17. Qxd3 g6 18. Bd2 f5 19. c4 Rad8 20. Bc3 Bf6 21.
Ne2 Nd7 22. Qc2 Re6 23. Ng3 Rde8 24. Qd2 a6 25. Re2 b5 26. c5 Bg7 27. Rfe1 Nf6
28. b3 Nd5 29. Bb2 Qd8 30. Rxe6 Rxe6 31. Rxe6 fxe6 32. Ne2 Qc7 33. g3 h6 34.
Kg2 g5 35. Nc3 Kf7 36. Nxd5 exd5 37. Kf3 Qe7 38. Qe3 Qxe3+ 39. Kxe3 Ke6 40. Kd3
Bf6 41. Ke3 Bg7 42. Bc3 h5 43. f3 Bh6 44. g4 f4+ 45. Kd3 hxg4 46. hxg4 Bg7 47.
Ba5 Kd7 48. Bb6 Bf6 49. Ba7 Bd8 50. Bb8 Bc7 51. Bxc7 Kxc7 1/2-1/2

[Event "Albrecht-Beer-Turnier Gera"]
[Site "Gera"]
[Date "2024.10.05"]
[Round "6.54"]
[White "John, Linnea"]
[Black "Stadelmann, Constantin"]
[Result "0-1"]
[WhiteElo "1749"]
[BlackElo "1623"]
[PlyCount "58"]
[EventDate "2024.10.03"]
[WhiteTeam "SV Königsjäger Süd-West"]
[BlackTeam "SSV Vimaria 91 Weimar"]

1. e4 d5 2. exd5 Qxd5 3. Nc3 Qa5 4. d4 Nf6 5. Bc4 Bg4 6. f3 Bd7 7. Nge2 e6 8.
Bd2 Qb6 9. O-O Bd6 10. b3 O-O 11. f4 c5 12. d5 exd5 13. Bxd5 Bc6 14. Bxc6 Nxc6
15. Na4 Qc7 16. c4 Rfe8 17. Nac3 Rad8 18. Nb5 Qb8 19. Qc2 Rxe2 20. Qc1 Bc7 21.
Be3 Nd4 22. Nc3 Rc2 23. Qe1 Ba5 24. Qb1 Rxc3 25. Bd2 Ne2+ 26. Kh1 Rxd2 27. Qe1
Rcc2 28. Qh4 Qd6 29. Rf3 Rd1+ 0-1

[Event "Albrecht-Beer-Turnier Gera"]
[Site "Gera"]
[Date "2024.10.05"]
[Round "6.58"]
[White "Richter, Anastasia"]
[Black "Steinbacher, Bernd"]
[Result "1-0"]
[WhiteElo "1584"]
[BlackElo "1972"]
[PlyCount "53"]
[EventDate "2024.10.03"]
[WhiteTeam "SV Königsjäger Süd-West"]
[BlackTeam "USG Chemnitz"]

1. e4 e5 2. Nf3 Nc6 3. d4 exd4 4. Bc4 Be7 5. Nxd4 d6 6. Nc3 Nf6 7. O-O O-O 8.
a3 Nxd4 9. Qxd4 b6 10. b4 Be6 11. Bb2 c5 12. Qd3 cxb4 13. Nd5 Bxd5 14. exd5
bxa3 15. Rxa3 Nd7 16. Qh3 Ne5 17. Rg3 Bf6 18. Bxe5 Bxe5 19. Bd3 g6 20. f4 Bd4+
21. Kh1 f5 22. Bxf5 Qf6 23. Be6+ Kg7 24. Rgf3 a5 25. g4 h6 26. g5 hxg5 27. fxg5
1-0

[Event "Albrecht-Beer-Turnier Gera"]
[Site "Gera"]
[Date "2024.10.05"]
[Round "6.59"]
[White "Skibbe, Peter"]
[Black "Schröder, Ulrich-Christian"]
[Result "1-0"]
[WhiteElo "1738"]
[BlackElo "1508"]
[PlyCount "47"]
[EventDate "2024.10.03"]
[WhiteTeam "ESV Gera"]

1. d4 Nf6 2. c4 c5 3. Nf3 cxd4 4. Nxd4 g6 5. Nc3 Bg7 6. Bf4 d6 7. Nf3 Qb6 8.
Bc1 O-O 9. e3 Bg4 10. Be2 Nc6 11. O-O Rac8 12. h3 Bf5 13. Qb3 Qc7 14. Nd4 Nxd4
15. exd4 a6 16. Be3 Nd7 17. g4 Bxg4 18. hxg4 f5 19. gxf5 gxf5 20. Nd5 Qd8 21.
Nf4 e5 22. Ne6 Qh4 23. Bg5 Qe4 24. Bf3 1-0

[Event "Albrecht-Beer-Turnier Gera"]
[Site "Gera"]
[Date "2024.10.05"]
[Round "6.60"]
[White "Reißmann, Edmund"]
[Black "Schimming, Jürgen"]
[Result "1/2-1/2"]
[WhiteElo "1713"]
[BlackElo "1476"]
[PlyCount "64"]
[EventDate "2024.10.03"]
[WhiteTeam "SV Erzgebirge Stollberg"]
[BlackTeam "SK Turm Bad Hersfeld"]

1. d4 Nf6 2. Bf4 g6 3. Nf3 d6 4. e3 Bg7 5. Nbd2 O-O 6. Bd3 Nbd7 7. O-O c5 8. c3
a6 9. a4 b6 10. Re1 Bb7 11. Qc2 Rc8 12. h3 Re8 13. Rac1 e5 14. Bg5 Qc7 15. dxe5
dxe5 16. Bc4 Nf8 17. Rcd1 Ne6 18. Bxf6 Bxf6 19. Ne4 Bxe4 20. Qxe4 Qc6 21. Qxc6
Rxc6 22. Bxa6 Rd8 23. Rxd8+ Bxd8 24. Nxe5 Rd6 25. Kf1 Rd2 26. b4 Bf6 27. Nf3
Rc2 28. c4 cxb4 29. Rb1 Bc3 30. Ne1 Rd2 31. Bb5 Nc5 32. g3 Ne4 1/2-1/2

[Event "Albrecht-Beer-Turnier Gera"]
[Site "Gera"]
[Date "2024.10.05"]
[Round "6.62"]
[White "Rauhut, Max"]
[Black "Barbas, Fernando"]
[Result "1/2-1/2"]
[WhiteElo "1532"]
[BlackElo "1693"]
[PlyCount "44"]
[EventDate "2024.10.03"]
[WhiteTeam "SC GG Potsdam"]

1. d4 Nf6 2. Bf4 g6 3. Nf3 Bg7 4. e3 O-O 5. c3 d6 6. Nbd2 c5 7. Bd3 Nbd7 8. h3
Qe8 9. Bh2 e5 10. dxe5 dxe5 11. Bc2 h6 12. Ne4 Nxe4 13. Bxe4 Nb6 14. Bc2 e4 15.
Nd2 f5 16. O-O Be6 17. Qe2 Nd7 18. Bb3 Bxb3 19. Nxb3 b6 20. Rfd1 Ne5 21. Bxe5
Bxe5 22. Rd2 Rd8 1/2-1/2

[Event "Albrecht-Beer-Turnier Gera"]
[Site "Gera"]
[Date "2024.10.05"]
[Round "6.63"]
[White "Wagner, Silvio"]
[Black "Gersemann, Olaf"]
[Result "1-0"]
[WhiteElo "1671"]
[BlackElo "1440"]
[PlyCount "93"]
[EventDate "2024.10.03"]
[WhiteTeam "Einheit Börnichen"]
[BlackTeam "TSG Oberschöneweide"]

1. d4 b6 2. Nc3 Bb7 3. e3 e6 4. Bd2 Nf6 5. Nf3 Bb4 6. Ne5 Nc6 7. Nd3 Bxc3 8.
Bxc3 Ne4 9. Bd2 Qf6 10. Qe2 O-O 11. O-O-O a5 12. f3 Nxd2 13. Qxd2 Qe7 14. h4
Nb4 15. Nxb4 axb4 16. Bc4 d5 17. Bb3 c5 18. dxc5 bxc5 19. c4 bxc3 20. Qxc3 c4
21. Bc2 Rxa2 22. Kd2 Bc6 23. Ra1 Rfa8 24. Rxa2 Rxa2 25. h5 h6 26. g4 Qc7 27.
Rg1 Qa5 28. Qxa5 Rxa5 29. g5 hxg5 30. Rxg5 f5 31. h6 Ra7 32. Rg6 Re7 33. Rg1
Kh7 34. hxg7 Rxg7 35. Rh1+ Kg8 36. Rh2 Rh7 37. Rg2+ Kf7 38. Rf2 Kf6 39. Kc3 Rh4
40. b3 cxb3 41. Bxb3 Ke5 42. f4+ Kd6 43. Ra2 e5 44. Rf2 e4 45. Kd4 Rh1 46. Rg2
Rd1+ 47. Bxd1 1-0

[Event "Albrecht-Beer-Turnier Gera"]
[Site "Gera"]
[Date "2024.10.05"]
[Round "6.67"]
[White "Boroshneva, Kassia"]
[Black "Härtel, Ben"]
[Result "1/2-1/2"]
[WhiteElo "1427"]
[BlackElo "1753"]
[PlyCount "103"]
[EventDate "2024.10.03"]
[WhiteTeam "SC Turm Erfurt"]
[BlackTeam "SC Reichenbach"]

1. e4 e5 2. Nf3 Nf6 3. Nc3 Nc6 4. Bc4 Nxe4 5. Nxe4 d5 6. Bxd5 Qxd5 7. Nc3 Qd8
8. d3 Bg4 9. Be3 Bb4 10. a3 Bxc3+ 11. bxc3 O-O 12. h3 Bh5 13. c4 Re8 14. g4 Bg6
15. Rb1 e4 16. Nh2 exd3 17. cxd3 b6 18. Rb3 Ne5 19. Ke2 h6 20. Rc3 c5 21. Qd2
Qd7 22. f4 Nc6 23. Kf2 Re6 24. f5 Rf6 25. Nf3 Bh7 26. d4 cxd4 27. Nxd4 Nxd4 28.
Qxd4 Qxd4 29. Bxd4 Rd6 30. Be3 Rad8 31. Ke2 h5 32. Rhc1 g6 33. fxg6 Bxg6 34.
gxh5 Bxh5+ 35. Kf2 Rf6+ 36. Kg2 Kh7 37. Kh2 Rg8 38. Rg1 Rfg6 39. Rxg6 Rxg6 40.
Bf4 Rc6 41. Be3 Kg6 42. Kg3 Kf5 43. Bf2 Rg6+ 44. Kh2 Ke4 45. Rg3 Bf3 46. Rxg6
fxg6 47. c5 bxc5 48. Bxc5 a6 49. Bb4 Kd4 50. Kg3 Be4 51. Kf4 Bd3 52. h4 1/2-1/2

[Event "Albrecht-Beer-Turnier Gera"]
[Site "Gera"]
[Date "2024.10.05"]
[Round "6.68"]
[White "Schimming, Wilhelm"]
[Black "Fischer, Fabian"]
[Result "1-0"]
[WhiteElo "1612"]
[BlackElo "1563"]
[PlyCount "85"]
[EventDate "2024.10.03"]
[WhiteTeam "SK Turm Bad Hersfeld"]
[BlackTeam "SV Schott Jena"]

1. e4 e6 2. d4 d5 3. Nc3 Nf6 4. Bg5 Be7 5. e5 Nfd7 6. Bxe7 Qxe7 7. Nb5 Qd8 8.
Qg4 O-O 9. Nf3 a6 10. Nc3 c5 11. O-O-O c4 12. Qg5 h6 13. Qxd8 Rxd8 14. b3 b5
15. a4 Nb6 16. axb5 N8d7 17. Kb2 Bb7 18. bxc4 Nxc4+ 19. Kb1 Ndb6 20. Nd2 Rdc8
21. Nxc4 Nxc4 22. bxa6 Bxa6 23. Kc1 Rcb8 24. Bxc4 Bxc4 25. Kd2 Rf8 26. Ra1 Rxa1
27. Rxa1 f6 28. exf6 Rxf6 29. Ke3 h5 30. h4 Rg6 31. g3 Rf6 32. Ne2 Rf7 33. Nf4
Kh7 34. Nxh5 Bb5 35. Ra5 Bc4 36. Nf4 Re7 37. Rc5 Ba2 38. Rc6 Kg8 39. Rxe6 Rxe6+
40. Nxe6 Kf7 41. Nc7 Kg6 42. Kf4 Kf7 43. Ke5 1-0

[Event "Albrecht-Beer-Turnier Gera"]
[Site "Gera"]
[Date "2024.10.06"]
[Round "7.1"]
[White "Buzzoni, Eugenio"]
[Black "Herrmann, Jakob"]
[Result "0-1"]
[WhiteElo "2060"]
[BlackElo "2142"]
[PlyCount "104"]
[EventDate "2024.10.03"]
[WhiteTeam "SF Berlin 1903"]
[BlackTeam "SAV Torgelow-Drögeheide 90"]

1. e4 c6 2. d4 d5 3. exd5 cxd5 4. Bd3 Nc6 5. c3 Nf6 6. h3 g6 7. Nf3 Bf5 8. O-O
Bxd3 9. Qxd3 Bg7 10. Bf4 Ne4 11. Nbd2 Nxd2 12. Qxd2 O-O 13. Rfe1 Re8 14. Re2 b5
15. g4 a5 16. Rae1 b4 17. Ne5 Nxe5 18. Bxe5 bxc3 19. Qxc3 Rc8 20. Qa3 Bxe5 21.
Rxe5 e6 22. b3 Qb6 23. Rd1 Rc2 24. Qa4 Rec8 25. Qd7 Qb4 26. Rd3 R2c7 27. Qa4
Qxa4 28. bxa4 Rc1+ 29. Kg2 R8c4 30. Re2 Rxa4 31. Kf3 Rcc4 32. Ke3 g5 33. a3 Rc1
34. Rb2 Re1+ 35. Kf3 Re4 36. Rb5 Kg7 37. Kg3 Kg6 38. h4 gxh4+ 39. Kxh4 h5 40.
f3 Rexd4 41. Rxd4 Rxd4 42. Rxa5 hxg4 43. fxg4 f5 44. Kg3 Rxg4+ 45. Kf3 Kf6 46.
Ra8 Ke5 47. a4 Rf4+ 48. Ke3 d4+ 49. Ke2 Ke4 50. a5 Rf3 51. a6 Ra3 52. a7 e5 0-1

[Event "Albrecht-Beer-Turnier Gera"]
[Site "Gera"]
[Date "2024.10.06"]
[Round "7.2"]
[White "Torosyan, Bagrat"]
[Black "Richter, Michael"]
[Result "1/2-1/2"]
[WhiteElo "2164"]
[BlackElo "2420"]
[PlyCount "137"]
[EventDate "2024.10.03"]
[WhiteTeam "TSG Oberschöneweide e.V."]
[BlackTeam "SK König Tegel 1949"]

1. Nf3 d5 2. g3 Nf6 3. Bg2 e6 4. c4 d4 5. d3 c5 6. Na3 Nc6 7. Nc2 Be7 8. O-O
O-O 9. Rb1 e5 10. Nfe1 Bf5 11. Bg5 Nd7 12. Bd2 a5 13. Na3 Re8 14. Nb5 Bf8 15.
Qc2 h6 16. f4 Nf6 17. fxe5 Rxe5 18. Bf4 Qe7 19. Bxe5 Qxe5 20. Qd2 Ng4 21. Nc2
g5 22. a3 Re8 23. Rbe1 Bg6 24. Bf3 Ne3 25. Nxe3 dxe3 26. Qc3 Qe7 27. Rb1 Bg7
28. Qc1 h5 29. Be4 Bxe4 30. dxe4 Nd4 31. Nxd4 Bxd4 32. Qc2 Kg7 33. Qd3 Qxe4 34.
Qxe4 Rxe4 35. b4 cxb4 36. axb4 a4 37. Rf5 Re5 38. Rbf1 Rxf5 39. Rxf5 b6 40. c5
a3 41. c6 a2 42. Rf1 Be5 43. c7 Bxc7 44. Ra1 Bd6 45. b5 Kf6 46. Rxa2 h4 47.
gxh4 gxh4 48. Kg2 Ke5 49. h3 Kd5 50. Kf3 Kc4 51. Kxe3 Kxb5 52. Kd4 Kc6 53. Rc2+
Bc5+ 54. Ke5 b5 55. Kf6 b4 56. Kxf7 Kb5 57. e4 b3 58. Rc1 b2 59. Rb1 Bd4 60.
Ke6 Kc4 61. e5 Kd3 62. Kd5 Kc2 63. Rf1 Be3 64. e6 Bg5 65. Kd6 b1=Q 66. Rxb1
Kxb1 67. e7 Bxe7+ 68. Kxe7 Kc2 69. Kf6 1/2-1/2

[Event "Albrecht-Beer-Turnier Gera"]
[Site "Gera"]
[Date "2024.10.06"]
[Round "7.3"]
[White "Langheinrich, Ferenc"]
[Black "Schuricht, Emil Frederick"]
[Result "1-0"]
[WhiteElo "2335"]
[BlackElo "2145"]
[PlyCount "87"]
[EventDate "2024.10.03"]
[WhiteTeam "ESV Nickelhütte Aue"]
[BlackTeam "Krefelder SK Turm 1851"]

1. e4 c6 2. c4 d5 3. cxd5 cxd5 4. exd5 Nf6 5. Bb5+ Nbd7 6. Nc3 a6 7. Be2 Nb6 8.
d4 Nbxd5 9. Nf3 b5 10. Ne5 Bb7 11. Nxb5 e6 12. Nc3 Nb6 13. Bf3 Bxf3 14. Qxf3
Nbd5 15. g4 h6 16. h4 Nb4 17. O-O Rc8 18. Be3 Bd6 19. Rad1 Qc7 20. Rd2 Nbd5 21.
Nxd5 Nxd5 22. Rc2 Bxe5 23. Rxc7 Bxc7 24. Rc1 O-O 25. b3 Bb6 26. Rc4 Rcd8 27.
Bc1 Rd7 28. Kg2 Re8 29. Qe2 Nf6 30. g5 hxg5 31. hxg5 Nd5 32. g6 fxg6 33. Rc8
Rde7 34. Qxa6 Kh7 35. Bg5 Ra7 36. Qxa7 Rxc8 37. Qd7 Rc2 38. Qxe6 Bxd4 39. Qxd5
Bxf2 40. Kf1 Ba7 41. Qh1+ Kg8 42. Qa8+ Bb8 43. Qxb8+ Kh7 44. Be3 1-0

[Event "Albrecht-Beer-Turnier Gera"]
[Site "Gera"]
[Date "2024.10.06"]
[Round "7.4"]
[White "Ahmed, Daniel"]
[Black "Schulz, Karsten"]
[Result "1-0"]
[WhiteElo "2046"]
[BlackElo "2166"]
[PlyCount "89"]
[EventDate "2024.10.03"]
[WhiteTeam "SV Motor Zeitz"]
[BlackTeam "SF Schwerin"]

1. d4 d6 2. Nf3 g6 3. c4 Bg7 4. Nc3 e5 5. e4 Nc6 6. Bg5 Nge7 7. Nd5 h6 8. Bf6
Bxf6 9. Nxf6+ Kf8 10. dxe5 Kg7 11. exd6 Kxf6 12. dxe7 Qxe7 13. Bd3 Bg4 14. Qb3
Bxf3 15. gxf3 Nd4 16. Qc3 c5 17. f4 Kg7 18. O-O-O Rhe8 19. Kb1 Rad8 20. h4 Qf6
21. f5 gxf5 22. exf5 Rd6 23. Rde1 Rxe1+ 24. Qxe1 Nf3 25. Qe2 Rb6 26. b3 Ne5 27.
Be4 Rd6 28. f4 Nd7 29. Rg1+ Kf8 30. Qg2 Qc3 31. f6 Nxf6 32. Bc2 Re6 33. Qxb7
Re1+ 34. Rxe1 Qxe1+ 35. Kb2 Qxh4 36. Qxa7 Qf2 37. Qb8+ Ne8 38. Qe5 f6 39. Qd5
Qxf4 40. Qxc5+ Nd6 41. a4 Ke8 42. a5 Kd7 43. a6 Ne8 44. a7 Nc7 45. Qf5+ 1-0

[Event "Albrecht-Beer-Turnier Gera"]
[Site "Gera"]
[Date "2024.10.06"]
[Round "7.5"]
[White "Pietzsch, Manuel"]
[Black "Thielsch, Norman"]
[Result "0-1"]
[WhiteElo "2042"]
[BlackElo "2323"]
[PlyCount "52"]
[EventDate "2024.10.03"]
[WhiteTeam "SV Motor Zeitz"]
[BlackTeam "Chemnitzer SC Aufbau`95"]

1. e4 c6 2. d4 d5 3. e5 c5 4. dxc5 e6 5. Nf3 Bxc5 6. a3 Ne7 7. b4 Bb6 8. Bb2
Nbc6 9. b5 Na5 10. Nbd2 Bd7 11. Bd3 Bc5 12. Qe2 Qb6 13. O-O Ng6 14. g3 O-O 15.
h4 f5 16. exf6 gxf6 17. h5 Ne7 18. c4 d4 19. Qe4 Rf7 20. Nxd4 e5 21. N4f3 Rd8
22. Qh4 Nf5 23. Bxf5 Bxf5 24. Ne4 Be7 25. Rac1 Qe6 26. c5 Bg4 0-1

[Event "Albrecht-Beer-Turnier Gera"]
[Site "Gera"]
[Date "2024.10.06"]
[Round "7.6"]
[White "Kapp, Martin"]
[Black "Meyner, Hannes"]
[Result "1-0"]
[WhiteElo "2193"]
[BlackElo "2016"]
[PlyCount "39"]
[EventDate "2024.10.03"]
[WhiteTeam "SV Eiche Reichenbrand"]
[BlackTeam "SAbt TG 1949 Wehlheiden"]

1. d4 d5 2. c4 e6 3. Nc3 c6 4. e4 dxe4 5. Nxe4 Bb4+ 6. Bd2 Qxd4 7. Bxb4 Qxe4+
8. Be2 Na6 9. Ba5 b6 10. Qd6 Bd7 11. Rd1 Rd8 12. Bc3 f6 13. Qa3 Nc5 14. b4 Nb7
15. Qxa7 Bc8 16. Rxd8+ Nxd8 17. Qxg7 Qb1+ 18. Kd2 Qxa2+ 19. Kc1 Ne7 20. Bh5+
1-0

[Event "Albrecht-Beer-Turnier Gera"]
[Site "Gera"]
[Date "2024.10.06"]
[Round "7.7"]
[White "Maiwald, Harald"]
[Black "Czäczine, Anne"]
[Result "1-0"]
[WhiteElo "1946"]
[BlackElo "2184"]
[PlyCount "155"]
[EventDate "2024.10.03"]
[WhiteTeam "TSG Apolda"]
[BlackTeam "Chemnitzer SC Aufbau`95"]

1. Nf3 d5 2. g3 c5 3. Bg2 g6 4. d4 cxd4 5. Nxd4 Bg7 6. Nb3 Nf6 7. c4 a5 8. O-O
a4 9. N3d2 Be6 10. cxd5 Bxd5 11. e4 Bc6 12. Nc3 O-O 13. Nc4 Nfd7 14. Nd5 Na6
15. Bg5 Re8 16. Rb1 b5 17. Nd6 Bxd5 18. Qxd5 Rf8 19. Nxb5 h6 20. Bf4 e6 21. Qd2
Kh7 22. Rfd1 Ne5 23. Nd6 Qf6 24. Qa5 Nc6 25. Qxa4 Nab4 26. Qb3 e5 27. Be3 Nxa2
28. Ra1 Nab4 29. Rxa8 Rxa8 30. Qxf7 Qxf7 31. Nxf7 Nc2 32. Bc5 Rb8 33. Rd6 N2d4
34. Ba3 Na5 35. Bf1 Rc8 36. Rd7 Nf3+ 37. Kg2 Ne1+ 38. Kh3 Nf3 39. Nd8 Ng5+ 40.
Kg2 Kg8 41. h4 Nxe4 42. Ne6 Bh8 43. Bd3 Nf6 44. Rd8+ Rxd8 45. Nxd8 Kh7 46. b4
Nb3 47. b5 e4 48. Bc4 Nd4 49. b6 Nd7 50. b7 Be5 51. Bd5 Bc7 52. Nc6 Nxc6 53.
Bxc6 Nf6 54. Bc5 Bb8 55. Bd4 Kg7 56. Bxe4 Kf7 57. Bc6 Ke7 58. f4 Kd6 59. Bf3
Nd7 60. Bg4 Kd5 61. Bg7 Nc5 62. Bxh6 Kc6 63. Bf3+ Kb6 64. Bg7 Nxb7 65. Bxb7
Kxb7 66. Be5 Ba7 67. g4 Bc5 68. Kf3 Kc6 69. Ke4 Kd7 70. f5 gxf5+ 71. Kxf5 Ke8
72. Ke6 Bf2 73. h5 Kf8 74. g5 Kg8 75. Kf6 Kh7 76. Kf7 Bd4 77. g6+ Kh6 78. Bxd4
1-0

[Event "Albrecht-Beer-Turnier Gera"]
[Site "Gera"]
[Date "2024.10.06"]
[Round "7.8"]
[White "Philipp, Mathias"]
[Black "Skibbe, Diana"]
[Result "1-0"]
[WhiteElo "2175"]
[BlackElo "1955"]
[PlyCount "43"]
[EventDate "2024.10.03"]
[WhiteTeam "SSV Vimaria 91 Weimar"]
[BlackTeam "SC Rochade Zeulenroda"]

1. e4 e5 2. Nf3 Nc6 3. d4 exd4 4. Nxd4 Bc5 5. Be3 Qf6 6. c3 Nge7 7. Bc4 Ne5 8.
Be2 Qg6 9. O-O d5 10. Bh5 Qxe4 11. Nd2 Qd3 12. N4f3 Bd6 13. Nxe5 Bxe5 14. Bc5
Qf5 15. Bxe7 Kxe7 16. Re1 Be6 17. Qe2 Kf6 18. f4 Bd6 19. g4 Qc2 20. f5 g6 21.
fxe6 gxh5 22. Qf2+ 1-0

[Event "Albrecht-Beer-Turnier Gera"]
[Site "Gera"]
[Date "2024.10.06"]
[Round "7.9"]
[White "May, Alexander"]
[Black "Zipfel, Frank"]
[Result "1/2-1/2"]
[WhiteElo "1952"]
[BlackElo "2154"]
[PlyCount "113"]
[EventDate "2024.10.03"]
[WhiteTeam "SV Gernrode 1887"]
[BlackTeam "fuß brothers Jena"]

1. d4 g6 2. Nf3 Bg7 3. e4 d6 4. c3 Nf6 5. Nbd2 Nc6 6. Bd3 e5 7. O-O O-O 8. a3
Nh5 9. dxe5 Nxe5 10. Nxe5 dxe5 11. Bc4 c6 12. Nf3 Qe7 13. Bg5 Qc5 14. Qe2 Nf4
15. Bxf4 exf4 16. h3 b5 17. Ba2 a5 18. Rfd1 Qe7 19. Nd4 Bb7 20. Qg4 Be5 21. Nf5
Qf6 22. Rd7 Bc8 23. Ne7+ Qxe7 24. Rxe7 Bxg4 25. hxg4 Bd6 26. Rd7 Rad8 27. Bxf7+
Kg7 28. Be8+ Rxd7 29. Bxd7 Rd8 30. Bxc6 Bc5 31. Bd5 b4 32. axb4 axb4 33. cxb4
Bd4 34. b5 Kf6 35. Kf1 Rc8 36. Bc6 Rb8 37. Rb1 g5 38. b3 Ke5 39. Ke2 Rh8 40.
Rh1 h6 41. f3 Bb6 42. Kd3 Rd8+ 43. Kc2 Rd6 44. Ra1 Rd8 45. Ra8 Rxa8 46. Bxa8
Kd4 47. Bd5 Ke5 48. Kc3 Ba5+ 49. Kc4 Bb6 50. Bf7 Kd6 51. e5+ Kxe5 52. Kd3 Ba7
53. b6 Bxb6 54. Kc4 Kd6 55. Kb5 Kc7 56. b4 Bf2 57. Bd5 1/2-1/2

[Event "Albrecht-Beer-Turnier Gera"]
[Site "Gera"]
[Date "2024.10.06"]
[Round "7.10"]
[White "Westphal, Wolfgang"]
[Black "Helmsdorf, Marius"]
[Result "0-1"]
[WhiteElo "2136"]
[BlackElo "1948"]
[PlyCount "50"]
[EventDate "2024.10.03"]
[WhiteTeam "SSC Graal-Müritz"]
[BlackTeam "ESV Gera"]

1. e4 e6 2. Nf3 d5 3. e5 c5 4. b4 cxb4 5. d4 Nc6 6. a3 Bd7 7. axb4 Bxb4+ 8. c3
Ba5 9. Bd3 b5 10. h4 b4 11. Ng5 bxc3 12. Kf1 Nxd4 13. Qg4 Nb3 14. Ba3 Nh6 15.
Qg3 Nxa1 16. Nxe6 Bxe6 17. Qxg7 Rb8 18. Qxh8+ Kd7 19. Qxh7 c2 20. Bxc2 Nxc2 21.
Qxc2 Qc7 22. Qd1 Qc4+ 23. Kg1 Bf5 24. e6+ fxe6 25. Nd2 Bxd2 0-1

[Event "Albrecht-Beer-Turnier Gera"]
[Site "Gera"]
[Date "2024.10.06"]
[Round "7.11"]
[White "Kottwitz, Daniel"]
[Black "Dettmann, Gerd"]
[Result "0-1"]
[WhiteElo "1948"]
[BlackElo "2105"]
[PlyCount "66"]
[EventDate "2024.10.03"]
[WhiteTeam "SZ Elstertal Langenberg"]
[BlackTeam "SG Güstrow/Teterow"]

1. d4 Nf6 2. Bf4 d5 3. e3 e6 4. Nd2 Bd6 5. Bg3 c5 6. c3 Nc6 7. Ngf3 O-O 8. Bd3
Qe7 9. Ne5 Bxe5 10. dxe5 Nd7 11. f4 d4 12. exd4 cxd4 13. Nf3 dxc3 14. Bxh7+
Kxh7 15. Ng5+ Kg6 16. Qg4 f5 17. Qh4 Nf6 18. exf6 gxf6 19. Nf3 cxb2 20. Rb1
Qb4+ 21. Nd2 b6 22. O-O Ba6 23. Bf2 Bxf1 24. Qg3+ Kf7 25. Nxf1 Rad8 26. Qf3 Nd4
27. Qb7+ Kg6 28. h4 Ne2+ 29. Kh1 Nc3 30. h5+ Kh6 31. Be1 Qc4 32. Ne3 Qxf4 33.
Rxb2 Qxe3 0-1

[Event "Albrecht-Beer-Turnier Gera"]
[Site "Gera"]
[Date "2024.10.06"]
[Round "7.12"]
[White "Carnot, Luca"]
[Black "Homberger, Jan"]
[Result "1-0"]
[WhiteElo "2073"]
[BlackElo "1915"]
[PlyCount "57"]
[EventDate "2024.10.03"]
[WhiteTeam "TSG Apolda"]
[BlackTeam "SSV Vimaria 91 Weimar"]

1. d4 Nf6 2. Nf3 g6 3. c4 Bg7 4. Nc3 O-O 5. e4 d6 6. h3 e5 7. d5 Na6 8. Be3 Nc5
9. Nd2 Nh5 10. g3 Nxe4 11. Ndxe4 f5 12. Bg5 Qe8 13. g4 Nf4 14. Nd2 h6 15. Bxf4
exf4+ 16. Qe2 fxg4 17. O-O-O Bxc3 18. bxc3 Qa4 19. Nb3 Bf5 20. Qd2 Rae8 21. Nd4
Be4 22. Rg1 g5 23. hxg4 c6 24. f3 Bg6 25. Bd3 Bxd3 26. Qxd3 Rf6 27. Rge1 Rc8
28. Re7 Qa3+ 29. Kb1 1-0

[Event "Albrecht-Beer-Turnier Gera"]
[Site "Gera"]
[Date "2024.10.06"]
[Round "7.13"]
[White "Piotraschke, Jens"]
[Black "Kerstan, André"]
[Result "1-0"]
[WhiteElo "2059"]
[BlackElo "1908"]
[PlyCount "91"]
[EventDate "2024.10.03"]
[WhiteTeam "TuS Coswig 1920"]
[BlackTeam "SG BiBaBo Leipzig"]

1. d4 d5 2. Nf3 Nf6 3. c4 e6 4. g3 b6 5. Bg2 Bb7 6. O-O Be7 7. Nc3 O-O 8. cxd5
exd5 9. Qc2 c5 10. Rd1 Nc6 11. dxc5 bxc5 12. a3 Qd7 13. Bg5 d4 14. Bxf6 Bxf6
15. Ne4 Qf5 16. Nxf6+ Qxf6 17. Qxc5 Rac8 18. Nxd4 Nxd4 19. Qxd4 Qxd4 20. Rxd4
Bxg2 21. Kxg2 Rc2 22. b4 Rxe2 23. Rd7 a6 24. Rad1 g6 25. R7d6 Ra8 26. Rd8+ Re8
27. Rxa8 Rxa8 28. Rd5 Re8 29. Rd6 Ra8 30. Kf3 Kf8 31. Ke4 Ke7 32. Rb6 Ra7 33.
g4 h6 34. h4 f6 35. f4 Kf7 36. f5 Re7+ 37. Kf3 gxf5 38. gxf5 a5 39. b5 Re5 40.
Rb7+ Kg8 41. Kg4 Kf8 42. b6 Rb5 43. Kh5 Rxf5+ 44. Kg6 Rf3 45. Rb8+ Ke7 46. b7
1-0

[Event "Albrecht-Beer-Turnier Gera"]
[Site "Gera"]
[Date "2024.10.06"]
[Round "7.14"]
[White "Steinbacher, Claudia"]
[Black "Kapp, Frank"]
[Result "1-0"]
[WhiteElo "2041"]
[BlackElo "1892"]
[PlyCount "115"]
[EventDate "2024.10.03"]
[WhiteTeam "Rodewischer Schachmiezen"]
[BlackTeam "TSV IFA Chemnitz"]

1. d4 e6 2. c4 f5 3. Nf3 d5 4. e3 Nf6 5. Bd3 Be7 6. O-O O-O 7. Nc3 c6 8. Qc2
Ne4 9. Ne5 Nd7 10. Nxd7 Bxd7 11. f3 Nxc3 12. bxc3 Qc7 13. e4 Rf7 14. e5 Raf8
15. f4 Bc8 16. Be3 Qd8 17. Qd2 g6 18. Rac1 Qe8 19. cxd5 exd5 20. Rb1 Bd8 21.
Rfd1 Be6 22. Qc2 Re7 23. Qa4 Qf7 24. Qxa7 b5 25. Qc5 Rc7 26. Qb4 Qe7 27. a4
Qxb4 28. cxb4 bxa4 29. Ra1 Ra7 30. Rdc1 Bd7 31. Ra3 Be7 32. Bd2 Rb8 33. Rb1
Rab7 34. Rxa4 c5 35. Ra5 c4 36. Be2 Rb5 37. Rba1 Kf8 38. Bf3 Bc6 39. Rxb5 Rxb5
40. Ra5 Rxa5 41. bxa5 Ba3 42. Bc3 Ke7 43. Kf2 Ke6 44. Ke2 Bc1 45. g3 h5 46. Kf2
h4 47. Bd1 Bb5 48. Kf3 hxg3 49. hxg3 g5 50. fxg5 Bxg5 51. Bc2 Bc1 52. g4 fxg4+
53. Kxg4 Ba3 54. Bf5+ Kf7 55. Bc8 Be7 56. Bb7 Bd7+ 57. Kf4 Bd8 58. Bxd5+ 1-0

[Event "Albrecht-Beer-Turnier Gera"]
[Site "Gera"]
[Date "2024.10.06"]
[Round "7.15"]
[White "Lorenz, Veronika"]
[Black "Röhl, Rainer"]
[Result "1/2-1/2"]
[WhiteElo "1882"]
[BlackElo "2001"]
[PlyCount "115"]
[EventDate "2024.10.03"]
[WhiteTeam "TSG Oberschöneweide"]
[BlackTeam "SSC Graal-Müritz"]

1. e4 c5 2. Nf3 g6 3. d4 cxd4 4. Nxd4 Nc6 5. c4 Nf6 6. Nc3 d6 7. Be2 Nxd4 8.
Qxd4 Bg7 9. Bg5 O-O 10. Qd2 Be6 11. O-O Re8 12. Rac1 Qa5 13. b3 Nd7 14. f4 Nc5
15. Qe3 Bxc3 16. Rxc3 Nxe4 17. Rc2 Qc5 18. Qxc5 Nxc5 19. Bf3 Bf5 20. Rd2 Ne4
21. Bxe4 Bxe4 22. Bh4 a6 23. Bf2 Rec8 24. Rc1 Rc6 25. c5 f5 26. Rd4 b5 27. Rb4
Rac8 28. a4 dxc5 29. axb5 cxb4 30. bxc6 Rxc6 31. Rxc6 Bxc6 32. Bc5 Kf7 33. Bxb4
Bd5 34. Kf2 Bxb3 35. Ke3 Kf6 36. Bc3+ Ke6 37. Kd4 Kf7 38. g3 Kg7 39. Ke3+ Kh6
40. Bb4 e6 41. h4 Kh5 42. Kf2 Kg4 43. Bc3 Bd5 44. Bb4 Bc4 45. Bc3 Bb5 46. Bb4
h6 47. Bf8 Kh5 48. Bb4 g5 49. hxg5 hxg5 50. Bd2 gxf4 51. gxf4 Kg4 52. Ke3 Bc6
53. Bc3 Bd5 54. Bb4 Bb7 55. Bc3 Bc6 56. Bb4 e5 57. fxe5 f4+ 58. Kd2 1/2-1/2